[Event "Budapest Spring Festival 2019"]
[Site "Budapest"]
[Date "2019.04.09"]
[Round "1.1"]
[White "Nisipeanu, Liviu-Dieter"]
[Black "Zlatin, Alexander"]
[Result "1-0"]
[WhiteElo "2680"]
[BlackElo "2311"]
[Annotator "TA"]
[PlyCount "101"]
[EventDate "2019.04.09"]
[EventType "swiss"]
[EventCountry "HUN"]
[SourceTitle "playchess.com"]
[Source "ChessBase"]
[SourceQuality "1"]

{[%evp 22,101,19,16,11,19,7,12,85,104,97,100,97,112,106,78,74,70,61,0,52,52,139,84,98,143,284,226,281,283,291,281,281,276,281,280,467,398,694,696,691,681,622,621,904,895,29955,29957,29956,29958,29963,29963,29956,29959,29939,12355,5189,5708,9516,6141,29980,29981,29981,29980,29980,29981,29981,29982,29982,29982,29982,29983,29983,29984,29984,29985,29985,29986,29986,29987,29987,29988]} 1. e4 e5 2. Nf3 Nc6 3. Bb5 {[%cal Bf1b5,Bb5a4,Ba4b3,Bb3d5][%mdl 32]} a6 4. Ba4 Nf6 5. d3 b5 6. Bb3 Bc5 7. Nc3 h6 {C77: Ruy Lopez: 3...a6 4 Ba4 Nf6, unusual lines} 8. Nd5 O-O (8... d6 9. c3 Rb8 10. O-O O-O 11. d4 Ba7 12. Be3 Bg4 13. dxe5 Nxd5 14. Qxd5 Bxe3 15. fxe3 {0-1 (48) Salem,A (2660)-Mamedyarov,S (2817) St Petersburg 2018}) 9. c3 d6 10. Nxf6+ Qxf6 11. Bd5 Bd7 12. Rg1 {LiveBook: 20 Games} h5 13. h3 Rae8 14. g4 {[%cal Bg2g4,Bg4g5][%mdl 32]} Ne7 (14... hxg4 $11 15. hxg4 Ne7) 15. g5 $1 $16 {[%cal Rg5f6]} Qg6 $146 16. Nh4 Nxd5 ({But not} 16... Qh7 $2 17. g6 $18) 17. Nxg6 fxg6 18. exd5 {Threatens to win with Be3.} Bxf2+ {[#]} 19. Kd2 $1 {Rh1 is the strong threat.} Bxh3 20. Kc2 (20. a4 $1 $14) 20... e4 (20... Bxg1 $11 21. Qxg1 Rf1) 21. dxe4 $1 $14 Rxe4 (21... Bxg1 $14 22. Qxg1 Rxe4) 22. Bd2 $16 Bf5 {[#] And now ...Rg4+ would win.} 23. Kb3 $1 {Strongly threatening Rf1.} a5 (23... Bxg1 $16 24. Qxg1 Re2) 24. a4 bxa4+ 25. Rxa4 Rb8+ 26. Ka3 Bc5+ 27. b4 axb4+ 28. cxb4 Bd4 $2 (28... Bxg1 29. Qxg1 h4) 29. Rf1 Rf8 $2 (29... Rg4 30. Bf4 Bb6) 30. Rxf5 $18 Rxf5 31. Ra8+ Kh7 32. Qc2 Rf3+ 33. Ka4 Re2 34. Qxc7 Rxd2 35. Kb5 Rdf2 36. Qc8 {[%csl Ga8][%cal Rc8h8]} Rf8 37. Qxf8 Rxf8 38. Rxf8 {[%mdl 4096] Endgame KR-KB} Be3 39. Kc4 Bxg5 40. Kd3 h4 41. b5 {White mates.} h3 42. Rf3 Bd8 43. Rxh3+ Kg8 44. Ke4 Kf7 45. Rb3 Bb6 46. Rc3 Ke7 47. Rc6 Ba5 48. b6 Kd7 49. Kf3 Kd8 50. Kg4 Kd7 51. Kg5 {Precision: White = 89%, Black = 36%.} 1-0

[Event "Budapest Spring Festival 2019"]
[Site "Budapest"]
[Date "2019.04.09"]
[Round "1.2"]
[White "Song, Julien"]
[Black "Onischuk, Vladimir"]
[Result "0-1"]
[WhiteElo "2310"]
[BlackElo "2627"]
[Annotator "TA"]
[PlyCount "134"]
[EventDate "2019.04.09"]
[EventType "swiss"]
[EventCountry "HUN"]
[SourceTitle "playchess.com"]
[Source "ChessBase"]
[SourceQuality "1"]

{[%evp 12,134,15,-3,12,12,16,21,19,-8,-15,-33,25,-5,0,-36,-23,-41,-51,-43,-6,-14,-13,-38,-10,-10,-6,-33,-3,-6,-4,-7,0,0,0,0,0,0,0,0,0,0,0,0,0,0,0,0,0,0,0,0,0,0,0,0,11,-35,-24,-33,-43,-58,-9,-9,-13,-18,-11,-25,-9,-9,0,-22,-22,-22,-22,-22,-22,-22,-22,-22,-22,-22,-22,-22,-22,-22,-22,-22,-22,-22,-22,-22,-22,-22,-22,-22,-22,-22,-22,-22,-22,-22,-22,-22,-22,-22,-22,-22,-22,-22,-22,-36,-36,-34,0,-22,0,-34,-34,-29985,-29983,-29983,-29984,-29984,-29985]} 1. d4 d6 2. Nf3 g6 3. g3 Bg7 4. Bg2 Nf6 5. O-O O-O 6. a4 a5 7. Nbd2 Nfd7 {A49: 1 d4 Nf6 2 Nf3 g6 3 g3: Anti-King's Indian systems} (7... Nc6 8. c3 e5 9. dxe5 dxe5 10. Qc2 h6 11. b3 e4 12. Nd4 Nxd4 13. cxd4 Qxd4 14. Bb2 Qb6 15. Nxe4 Nxe4 16. Bxe4 Bxb2 17. Qxb2 {1-0 (65) Fluvia Poyatos,J (2475)-Alonso Bouza,J (2398) Barcelona 2019}) 8. Nc4 $146 ({Predecessor:} 8. e4 e5 9. dxe5 Nxe5 10. Nxe5 dxe5 11. b3 Be6 12. Re1 Nc6 13. c3 Qd3 14. Re3 Qd7 15. Qc2 {½-½ (48) Krishna Teja,N (2182)-Padhya,S (2234) Lucknow 2013}) 8... e5 9. dxe5 dxe5 {The position is equal.} 10. Bg5 Qe8 11. Nfd2 Qe6 (11... Nc5 $15) 12. Na3 Nc5 13. Nb5 Nba6 14. Be3 {Threatens to win with Bxc5.} Qe7 $1 15. Nc4 Rd8 16. Qc1 c6 17. Nc3 Nb4 18. Nb6 Rb8 19. Nxc8 Rbxc8 (19... Rdxc8 {keeps more tension.} 20. Ne4 Ne6 21. c3 Nd5 22. Bd2 Rd8) 20. Ne4 Nxe4 21. Bxe4 f5 22. Bg5 Bf6 23. Bxf6 Qxf6 24. c3 Nd5 25. Bxd5+ cxd5 26. Rd1 Qb6 27. Qg5 Rd7 28. Rd2 Kg7 29. Rad1 Rcd8 30. e3 h6 31. Qh4 Qc6 32. Rd3 g5 33. Qh5 Qxa4 34. h4 (34. f4 $5 {[%cal Rf4g5]}) 34... Qg4 35. Qxg4 fxg4 36. hxg5 hxg5 $11 {[%mdl 4096] Endgame KRR-KRR} 37. Ra1 b6 38. Ra4 Kf6 39. Rd2 e4 40. b4 Ra8 41. c4 (41. bxa5 {is more complex.} bxa5 42. Rdd4 Rc8 43. c4 Rb7 44. Rxd5 Rb1+ 45. Kg2) 41... Ke6 42. bxa5 dxc4 {[%mdl 64] [#] Discovered Attack} ({Don't play} 42... bxa5 $6 43. Rd4 $16) 43. Rxd7 Kxd7 44. Rxc4 bxa5 {Hoping for ...a4.} 45. Rxe4 {KR-KR} a4 {And now ...a3 would win.} 46. Rxg4 a3 47. Rd4+ Ke6 {White must now prevent ...a2.} 48. Rd1 a2 49. Ra1 Kd5 {Strongly threatening ...g4.} 50. g4 Kc4 51. f4 Kb3 52. Kf2 Kb2 53. Re1 a1=Q 54. Rxa1 Rxa1 {KR-K3P} 55. Kf3 Kc3 56. Ke4 Ra5 57. fxg5 $1 Rxg5 {KR-KPP} 58. Kf4 Rg8 59. g5 Kc4 60. Kf5 $1 Kd5 61. Kf6 Rf8+ 62. Ke7 $1 {[%cal Re7f8]} Rg8 63. Kf6 Rf8+ 64. Ke7 $1 {[%cal Re7f8]} Ra8 {( -> ...Ra6)} 65. e4+ $2 {[%mdl 8192] [#]} (65. g6 $15) 65... Kxe4 {Black mates.} 66. g6 Kf5 67. g7 Kg6 {Accuracy: White = 66%, Black = 64%.} 0-1

[Event "Budapest Spring Festival 2019"]
[Site "Budapest"]
[Date "2019.04.09"]
[Round "1.3"]
[White "Erdos, Viktor"]
[Black "Budai, David"]
[Result "1-0"]
[WhiteElo "2610"]
[BlackElo "2308"]
[Annotator "TA"]
[PlyCount "87"]
[EventDate "2019.04.09"]
[EventType "swiss"]
[EventCountry "HUN"]
[SourceTitle "playchess.com"]
[Source "ChessBase"]
[SourceQuality "1"]

{[%evp 16,87,47,45,43,35,38,39,34,46,50,47,45,19,72,70,75,74,72,55,59,53,60,58,64,41,47,47,70,68,85,78,86,68,73,42,68,83,81,85,106,105,89,76,85,85,88,88,188,174,183,193,214,104,366,410,792,745,793,778,738,377,1086,1045,29980,29980,29967,7129,29981,11623,29986,29987,29994,29990]} 1. d4 Nf6 2. Nf3 g6 3. g3 Bg7 4. Bg2 O-O 5. c4 d6 6. O-O Nc6 7. Nc3 a6 8. b3 Rb8 9. d5 Na5 {E63: King's Indian: Fianchetto: Panno Variation with 7...a6} 10. Bg5 h6 11. Bd2 c5 {White is slightly better.} 12. dxc6 Nxc6 13. Rc1 Be6 {[#]} 14. e4 $146 ({Predecessor:} 14. Ne1 Qd7 15. Nd5 h5 16. Bc3 Bh3 17. Nxf6+ Bxf6 18. Bxf6 exf6 19. Bxh3 Qxh3 {1-0 (66) Cordova,E (2595)-Cuenca Jimenez,J (2513) Merida 2018}) 14... Bg4 (14... b5 $11 {keeps the balance.}) 15. h3 $16 Bxf3 16. Qxf3 Nd7 17. Rfd1 Nc5 18. Be1 Ne6 19. Qd3 Rc8 20. Ne2 Qb6 21. Kh2 Rfd8 22. f4 Qa7 23. Nc3 Nc5 24. Qf1 e6 25. Bf2 b6 26. Rd2 Qb8 27. Qd1 b5 28. cxb5 axb5 29. Ne2 e5 30. f5 b4 31. Rc4 h5 (31... Na5 $16 {is a better defense.}) 32. Be3 $1 $18 Kh7 {[#]} 33. g4 $1 ({Inferior is} 33. Bxc5 dxc5 34. Rxc5 Nd4 $14) 33... hxg4 {[#]} 34. hxg4 (34. Ng3 $1 $18 {is the precise move to win.}) 34... gxf5 $2 {[%mdl 8192]} (34... Nd7 $16) 35. gxf5 ({Not} 35. exf5 e4 $14) 35... Bh6 (35... Rh8 $142 36. f6 Bxf6 37. Rxd6 Be7) 36. Bxh6 Kxh6 37. Ng3 {Intending f6 and mate.} Rh8 38. Rxd6+ (38. Qg4 Rcg8 $15) 38... Kg5+ $2 (38... Kg7+ 39. Kg1 Nd4) 39. Bh3 Rxh3+ 40. Kxh3 {[%csl Gh3][%cal Rd1g4]} Rh8+ 41. Kg2 Nd4 42. Rcxd4 exd4 43. Qxd4 Rg8 44. Kf3 {Accuracy: White = 71%, Black = 31%.} 1-0

[Event "Budapest Spring Festival 2019"]
[Site "Budapest"]
[Date "2019.04.09"]
[Round "1.4"]
[White "Polyik, Peter"]
[Black "Ter-Sahakyan, Samvel"]
[Result "1-0"]
[WhiteElo "2303"]
[BlackElo "2601"]
[Annotator "TA"]
[PlyCount "103"]
[EventDate "2019.04.09"]
[EventType "swiss"]
[EventCountry "HUN"]
[SourceTitle "playchess.com"]
[Source "ChessBase"]
[SourceQuality "1"]

{[%evp 16,103,25,26,44,15,18,20,34,16,54,52,66,50,74,63,58,58,64,61,64,65,70,58,66,59,75,66,84,0,82,86,83,46,41,0,42,27,25,19,38,0,28,33,34,35,33,0,0,0,0,0,0,0,0,0,0,0,62,0,-18,-215,-154,-152,-158,-159,2318,2205,29987,29988,29988,29989,29989,29990,29990,29991,29991,29992,29992,29993,29993,29994,29994,29995,29995,29996,29996,29997,29997,29998]} 1. d4 f5 2. g3 Nf6 3. Bg2 e6 4. Nf3 d5 5. O-O Bd6 6. c4 c6 7. Nc3 O-O 8. Qc2 Ne4 9. Rb1 a5 {A90: Dutch Defence: Miscellaneous and Modern Stonewall (with ...Bd6)} 10. a3 Nd7 (10... Qe7 11. c5 Bc7 12. Bf4 Bxf4 13. gxf4 Bd7 14. b4 Be8 15. Ne5 Nd7 16. Nd3 Ndf6 17. f3 Nxc3 18. Qxc3 {0-1 (44) Jakovenko,D (2704)-Vallejo Pons,F (2711) Doha 2016}) 11. b4 axb4 {The position is equal.} 12. axb4 Ndf6 13. c5 Nxc3 14. Qxc3 Ne4 15. Qc2 (15. Qb2 {looks sharper.} Bc7 16. Ne5 Qe7 17. Be3 Nf6 18. Bg5) 15... Bc7 16. Bf4 Bxf4 17. gxf4 Bd7 $146 18. Ne5 Be8 19. e3 Nf6 20. Ra1 Ng4 21. Nf3 Nf6 22. Ne5 ({White should try} 22. Rxa8 $16 Qxa8 23. Rb1) 22... Nd7 (22... Ng4 $1 $11 {remains equal.}) 23. Rxa8 Qxa8 24. Nxd7 (24. Nd3 {with more complications.} h6 25. Qb2 g5 26. Ra1 Qb8 27. f3) 24... Bxd7 25. Kh1 Qd8 26. Rg1 Qh4 27. Qa2 Be8 28. Bf3 h6 (28... Bh5 {is interesting.} 29. Bxh5 Qxh5 30. Rg3 Qd1+ 31. Kg2 Qd3) 29. Rg3 Qe7 30. Be2 Kh7 31. b5 cxb5 32. Qa5 e5 $36 {[%mdl 2048] Black is pushing.} 33. fxe5 f4 34. exf4 Rxf4 35. Qd2 Qh4 36. Bd3+ Kg8 (36... Kh8 $1 $11) 37. Qe3 (37. Qa2 $1 $14) 37... Rxd4 $11 38. Rf3 $2 (38. e6 $11 {and White stays safe.} Qf4 39. Qe2) 38... Ra4 39. e6 {[#]} d4 $1 {[%cal Rd4e3]} ({Don't play} 39... Ra1+ 40. Kg2 $15) 40. Qe5 {Hoping for e7.} Qg4 $2 {[#]} (40... Qg5 $17 41. Qxg5 hxg5) 41. Rg3 $1 $18 {[%cal Rg3g4]} Qd1+ 42. Kg2 {[%csl Gg3][%cal Re5g7] White mates.} g5 {[#]} 43. Rxg5+ $1 {[%mdl 512]} hxg5 44. Qxg5+ Kf8 45. e7+ Kf7 46. Bg6+ Ke6 47. Qf5+ Kxe7 48. Qe5+ Kf8 49. Qh8+ Ke7 50. Qxe8+ {[%mdl 64] Double Attack} Kf6 51. Qf7+ {[%mdl 64] Double Attack} Kg5 52. f4+ {Accuracy: White = 60%, Black = 41%.} 1-0

[Event "Budapest Spring Festival 2019"]
[Site "Budapest"]
[Date "2019.04.09"]
[Round "1.5"]
[White "Markus, Robert"]
[Black "Ilic, Zoran S"]
[Result "1-0"]
[WhiteElo "2600"]
[BlackElo "2302"]
[Annotator "TA"]
[PlyCount "81"]
[EventDate "2019.04.09"]
[EventType "swiss"]
[EventCountry "HUN"]
[SourceTitle "playchess.com"]
[Source "ChessBase"]
[SourceQuality "1"]

{[%evp 27,81,20,40,48,54,39,46,45,74,58,52,61,52,62,65,66,68,67,66,62,58,48,58,53,67,53,70,49,68,65,60,59,68,56,97,69,99,99,99,100,254,255,314,334,430,349,745,729,808,800,804,796,782,666,759,748]} 1. d4 Nf6 2. c4 e6 3. Nf3 c5 4. d5 d6 5. Nc3 exd5 6. cxd5 g6 7. e4 a6 8. a4 Bg4 9. Be2 Bxf3 10. Bxf3 Bg7 11. O-O O-O 12. Bf4 Qe7 13. Qd2 Nbd7 14. Rfe1 Rab8 15. Be2 {A75: Modern Benoni: Classical: 9...a6 10 a4 Bg4} Rfc8 16. a5 h5 {[#]} 17. Bf1 $146 {White is slightly better.} ({Predecessor:} 17. Ra4 Ne8 18. Bf1 Bd4 19. Bg5 Bf6 20. Bh6 Ne5 21. h3 g5 22. h4 gxh4 {½-½ (63) Andriasian,Z (2564)-Anastasian,A (2559) Yerevan 2009}) 17... Qf8 18. f3 Ne8 19. Nd1 {[%cal Bc3d1,Bd1e3,Be3c4][%mdl 32]} Nc7 20. Ne3 Ne5 21. Bxe5 Bxe5 22. Nc4 Bd4+ 23. Kh1 Re8 24. Rac1 Rbd8 25. g3 Qg7 26. f4 Nb5 27. Bh3 Re7 28. Re2 Qh6 29. Rce1 Ree8 30. Qd3 Qg7 31. Bg2 Nc7 32. e5 Nb5 33. Bf3 Qf8 $2 {[#]} (33... Re7 $16 {is a better defense.}) 34. e6 $18 Bf6 35. f5 Kg7 36. fxg6 fxg6 $2 (36... fxe6 37. dxe6 Nd4) 37. Be4 {White is clearly winning.} Qh8 38. Bxg6 Re7 39. Rf1 {[#] aiming for Rxf6!} Qh6 40. Ref2 Rf8 41. Bf7 {Accuracy: White = 88%, Black = 31%.} 1-0

[Event "Budapest Spring Festival 2019"]
[Site "Budapest"]
[Date "2019.04.09"]
[Round "1.6"]
[White "Dixit, Nikhil"]
[Black "Sedlak, Nikola"]
[Result "0-1"]
[WhiteElo "2302"]
[BlackElo "2598"]
[Annotator "TA"]
[PlyCount "170"]
[EventDate "2019.04.09"]
[EventType "swiss"]
[EventCountry "HUN"]
[SourceTitle "playchess.com"]
[Source "ChessBase"]
[SourceQuality "1"]

{[%evp 23,170,21,13,6,22,11,57,59,64,62,65,72,65,66,72,61,65,70,68,-10,-12,-22,-26,-119,-119,-118,-120,-119,-104,-176,-126,-161,-140,-227,-241,-261,-251,-256,-260,-243,-253,-265,-265,-253,-247,-242,-216,-233,-202,-212,-219,-216,-218,-357,-357,-357,-352,-338,-338,-338,-338,-467,-395,-455,-435,-455,-442,-452,-429,-612,-665,-615,-600,-522,-474,-401,-458,-550,-460,-550,-454,-550,-546,-520,-467,-481,-460,-460,-460,-460,-460,-460,-460,-460,-460,-452,-431,-452,-415,-553,-543,-780,-662,-834,-812,-603,-527,-485,-410,-857,-920,-920,-866,-394,0,-1311,-1197,-5277,-2674,-29965,-29963,-7741,-6482,-29966,-29960,-29976,-29970,-29977,-29978,-29978,-29979,-29980,-29982,-29982,-29981,-29982,-29983,-29983,-29984,-29985,-29986,-29987,-29988,-29988,-29989,-29989,-29990,-29990,-29991]} 1. e4 e6 2. d4 d5 3. exd5 exd5 4. c4 Nf6 5. Nc3 Bd6 6. cxd5 O-O 7. Nf3 Nbd7 8. Be2 Nb6 9. Bg5 Be7 10. Bxf6 Bxf6 11. Qb3 {C01: French: Exchange Variation} a5 (11... Bg4 12. O-O Bxf3 13. Bxf3 Bxd4 14. Rad1 Be5 15. a4 Rb8 16. Ne4 Bd6 17. Qc2 Nd7 18. g3 Nf6 {½-½ (41) Fressinet,L (2722)-Mirzoev,E (2496) Orsay 2018}) 12. a4 Bg4 {LiveBook: 3 Games} 13. O-O {The position is equal.} Re8 $146 ({Predecessor:} 13... Bxf3 14. Bxf3 Bxd4 15. Rad1 Bxc3 16. bxc3 {½-½ (38) Kopylov,D (2272)-Szustakowski,A (2330) Bad Blankenburg 2018}) 14. Rfe1 Re7 15. Ne5 Bxe2 16. Rxe2 Qd6 17. Rae1 {Hoping for Ne4.} Qb4 18. Qd1 {aiming for d6!} Rae8 $1 19. g3 h5 20. h4 g6 21. Ne4 (21. Kg2 $14) 21... Nxd5 $11 22. Nxf6+ Nxf6 23. d5 (23. Qd3 $11 {remains equal.}) 23... Kg7 $17 24. Nd3 {[#]} Rxe2 $1 25. Rxe2 Qg4 26. Re1 (26. Rd2 $17 {was worth a try.}) 26... Nxd5 27. Qd2 Rxe1+ 28. Qxe1 (28. Nxe1 $17 c6 29. b3) 28... Qxa4 $19 29. Qe5+ Nf6 30. Nf4 Qd1+ 31. Kg2 {[#]} Qc2 $1 32. Qxa5 Ng4 33. Qc3+ Qxc3 34. bxc3 {[%mdl 4096] Endgame KN-KN} Ne5 35. f3 c6 {[%cal Bc7c6,Bc6c5][%mdl 32]} 36. Kf2 Kf6 37. Ke3 Ke7 38. Ke4 (38. Nh3 {keeps fighting.}) 38... Kd6 39. Ng2 b5 40. Ne3 c5 41. Nc2 f6 {[%cal Bf7f6,Bf6f5][%mdl 32]} 42. Ne3 Ke6 43. Nc2 f5+ 44. Kf4 Kf6 45. Ke3 Nc4+ 46. Kf4 (46. Kf2 $142 Nb6 47. f4) 46... Nb6 {[%cal Rb6d5]} 47. Ke3 Nd5+ 48. Kd3 b4 49. c4 Ne7 50. f4 Nc6 51. Ne3 Ke6 52. Nd5 Na5 53. Nc7+ Kd7 54. Nd5 Nb7 55. Nf6+ Ke6 56. Nh7 Ke7 57. Ng5 Nd6 58. Nf3 Ne4 59. Ne5 Kf6 60. Kc2 Ke6 61. Nxg6 Nxg3 62. Ne5 Ne2 63. Nd3 Kd6 64. Kb2 Kc6 65. Ne5+ Kc7 66. Nd3 (66. Ng6 $142 Kd6 67. Kb1) 66... Kb6 67. Ka2 Nd4 68. Ne5 Ne2 $2 ({Black should try} 68... Ne6 $19 69. Nd3 Kb7) 69. Ng6 $2 {[%mdl 8192]} (69. Nd3 $11) 69... Ka5 70. Ne7 Ka4 71. Nxf5 Nxf4 72. Ne3 Ng6 73. Nd5 Nxh4 {Black mates.} 74. Nb6+ Ka5 75. Nd7 Nf3 76. Nxc5 h4 {[%cal Bh5h4,Bh4h3,Bh3h2][%mdl 32]} 77. Nb7+ Kb6 78. Nd6 Nd4 79. Ne4 h3 80. Kb2 h2 81. Nf2 Kc5 82. Nh1 Kxc4 83. Nf2 b3 84. Nh1 Nf5 85. Nf2 Ng3 {Precision: White = 42%, Black = 80%.} 0-1

[Event "Budapest Spring Festival 2019"]
[Site "Budapest"]
[Date "2019.04.09"]
[Round "1.7"]
[White "Timofeev, Artyom"]
[Black "Bayramov, Zaur"]
[Result "1/2-1/2"]
[WhiteElo "2593"]
[BlackElo "2301"]
[Annotator "TA"]
[PlyCount "98"]
[EventDate "2019.04.09"]
[EventType "swiss"]
[EventCountry "HUN"]
[SourceTitle "playchess.com"]
[Source "ChessBase"]
[SourceQuality "1"]

{[%evp 11,98,10,26,8,32,22,22,24,33,33,32,25,27,22,26,25,24,17,28,22,26,25,25,30,30,31,32,27,29,22,22,26,34,20,29,11,31,27,25,20,18,27,29,25,33,27,30,25,21,19,25,8,10,8,14,26,31,14,30,6,8,0,0,0,0,0,0,0,0,0,0,0,0,0,0,0,8,0,0,0,0,0,0,0,0,0,0,0,0]} 1. d4 Nf6 2. c4 c5 3. e3 e6 4. Nf3 d5 5. cxd5 exd5 6. Bb5+ Bd7 7. Bxd7+ {D30: Queen's Gambit Declined: Systems without Nc3} Qxd7 (7... Nbxd7 8. O-O c4 9. a4 a6 10. a5 Bd6 11. b3 Rc8 12. bxc4 dxc4 13. Qa4 O-O 14. Ba3 b5 15. axb6 Nxb6 {½-½ (50) Carlsen,M (2837)-Ding,L (2774) Saint Louis 2017}) 8. O-O Nc6 9. b3 cxd4 10. Nxd4 Be7 11. Bb2 O-O 12. Nd2 Rac8 $146 ({Predecessor:} 12... a5 13. a4 Nb4 14. N2f3 Qg4 {1-0 (48) Dizdar,G (2541)-Horvath,P (2451) Austria 2007}) 13. Qb1 Rfe8 14. Nf5 Bd8 15. Rd1 Ne5 16. h3 a6 17. a3 Qe6 18. Nd4 Qd7 19. Qf5 g6 20. Qxd7 Nexd7 21. Rac1 Be7 22. Kf1 Bd6 23. g4 h6 24. Ke2 Kf8 25. N4f3 Ke7 26. b4 Rxc1 27. Rxc1 Nb6 28. Bd4 Rc8 29. Rxc8 Nxc8 30. Nb3 b6 31. Ne5 Bxe5 32. Bxe5 $11 {[%mdl 4096] Endgame KBN-KNN} Nd6 33. a4 Nc4 34. Bd4 Nd7 35. f4 Nf6 {The position is equal.} 36. Nd2 Nxd2 37. Bxf6+ Kxf6 38. Kxd2 {KP-KP} Ke6 39. Kd3 a5 40. bxa5 bxa5 41. Kd4 {[#] Hoping for Kc5.} Kd6 $1 42. e4 dxe4 43. Kxe4 Ke6 44. h4 {White wants to play f5+.} f6 45. Kd4 {[#] Strongly threatening Kc4.} f5 46. g5 hxg5 $1 47. hxg5 Kd6 48. Kc4 Kc6 $1 49. Kd4 {Threatens to win with Ke5.} Kd6 {Accuracy: White = 71%, Black = 80%.} 1/2-1/2

[Event "Budapest Spring Festival 2019"]
[Site "Budapest"]
[Date "2019.04.09"]
[Round "1.8"]
[White "Balint, Vilmos"]
[Black "Gopal G.N."]
[Result "0-1"]
[WhiteElo "2301"]
[BlackElo "2589"]
[Annotator "RC"]
[PlyCount "62"]
[EventDate "2019.04.09"]
[EventType "swiss"]
[EventCountry "HUN"]
[SourceTitle "playchess.com"]
[Source "ChessBase"]
[SourceQuality "1"]
[TimeControl "40/5400+30:1800+30"]

1. Nf3 {[%emt 0:00:04]} c5 {[%emt 0:00:04]} 2. c4 {[%emt 0:00:15]} Nc6 {[%emt 0:02:54]} 3. g3 {[%emt 0:04:16]} g6 {[%emt 0:00:26]} 4. Bg2 {[%emt 0:01:07]} Bg7 {[%emt 0:00:05]} 5. O-O {[%emt 0:00:06]} d6 {[%emt 0:04:23]} 6. Nc3 {[%emt 0:02:59]} e6 {[%emt 0:00:08]} 7. a3 {[%emt 0:05:07]} Nge7 {[%emt 0:01:06]} 8. b4 {[%emt 0:01:08]} O-O {[%emt 0:15:27]} 9. Rb1 {[%emt 0:07:18]} b6 {[%emt 0:00:42]} 10. Na4 {[%emt 0:12:57]} Rb8 {[%emt 0:05:10]} 11. d3 {[%emt 0:02:57]} Bb7 {[%emt 0:01:44]} 12. e3 {[%emt 0:06:51]} Qd7 {[%emt 0:14:55]} 13. Qc2 {[%emt 0:02:57]} f5 {[%emt 0:10:54]} 14. Ng5 {[%emt 0:11:38]} h6 {[%emt 0:02:54]} 15. Nf3 {[%emt 0:03:20]} e5 {[%emt 0:01:40]} 16. Nc3 {[%emt 0:03:23]} g5 {[%emt 0:04:52]} 17. Ne1 {[%emt 0:07:37]} Kh8 {[%emt 0:08:00]} 18. b5 {[%emt 0:04:34]} Nd8 {[%emt 0:01:34]} 19. Ne2 {[%emt 0:03:51]} Ne6 {[%emt 0:02:40]} 20. f4 {[%emt 0:00:52]} exf4 {[%emt 0:04:32]} 21. exf4 {[%emt 0:01:16]} Ng6 {[%emt 0:01:01]} 22. fxg5 {[%emt 0:02:00]} hxg5 {[%emt 0:00:06]} 23. Bb2 {[%emt 0:01:49]} Rbe8 {[%emt 0:00:30]} 24. d4 {[%emt 0:02:37]} Bxg2 {[%emt 0:09:44]} 25. Nxg2 {[%emt 0:00:29]} Nxd4 {[%emt 0:00:15]} 26. Nxd4 {[%emt 0:00:04]} cxd4 {[%emt 0:00:07]} 27. Rbd1 {[%emt 0:00:55]} Re4 {[%emt 0:00:49]} 28. Rd2 {[%emt 0:00:17]} Qe6 {[%emt 0:04:19]} 29. Qd1 {[%emt 0:00:34]} f4 {[%emt 0:00:34]} 30. Qh5+ {[%emt 0:00:57]} Kg8 {[%emt 0:00:03]} 31. Qxg5 {[%emt 0:00:07]} Re5 {[%emt 0:01:12]} 0-1

[Event "Budapest Spring Festival 2019"]
[Site "Budapest"]
[Date "2019.04.09"]
[Round "1.9"]
[White "Bernadskiy, Vitaliy"]
[Black "Urhegyi, Marton"]
[Result "1-0"]
[WhiteElo "2587"]
[BlackElo "2299"]
[Annotator "TA"]
[PlyCount "71"]
[EventDate "2019.04.09"]
[EventType "swiss"]
[EventCountry "HUN"]
[SourceTitle "playchess.com"]
[Source "ChessBase"]
[SourceQuality "1"]

{[%evp 15,71,-13,-4,-13,-7,0,0,0,23,17,6,14,10,9,12,33,33,16,35,42,39,35,50,31,49,9,78,62,65,84,94,94,92,101,141,131,234,185,597,611,612,611,610,595,594,409,595,602,587,581,5226,5222,29976,29976,29976,29977,29974,29974]} 1. e4 c5 2. Nf3 d6 3. Bb5+ Bd7 4. Bxd7+ Qxd7 5. O-O Nc6 6. Qe2 {B52: Sicilian: Moscow Variation with 3...Bd7} (6. c3 Nf6 7. d4 cxd4 8. cxd4 d5 9. e5 Ng8 10. Nc3 e6 11. Ne2 Nge7 12. Ng3 h6 13. Nh5 Nf5 14. Bf4 O-O-O 15. Rc1 Kb8 16. Qd3 g5 17. Bd2 Qc7 18. g4 {1-0 (54) Nakamura,H (2746)-Adly,A (2626) St Petersburg 2018}) 6... g6 7. c3 Bg7 8. Rd1 e5 {LiveBook: 18 Games} 9. a3 Nge7 10. b4 O-O 11. d3 a6 $146 ({Predecessor:} 11... cxb4 12. axb4 b5 13. Nbd2 f5 {½-½ (62) Sedlak,N (2593)-Gabuzyan,H (2441) Plovdiv 2012}) 12. Nbd2 {[%cal Bb1d2,Bd2b3,Bb3c5][%mdl 32]} cxb4 13. axb4 d5 14. Nb3 d4 15. Nc5 Qc7 16. cxd4 Nxd4 17. Nxd4 exd4 18. Bd2 Rfc8 19. Rdc1 Qb6 20. Rc4 Qb5 {[#]} (20... a5 $1 $11) 21. Ra5 $1 $16 {[%cal Ra5b5]} Qb6 22. f4 Nc6 23. Ra1 Qb5 {[#]} 24. e5 $1 {[%cal Be4e5,Be5e6,Be6e7][%mdl 32]} a5 {[%cal Ra5b4]} 25. e6 f5 (25... fxe6 $16 {was called for.} 26. Qxe6+ Kh8) 26. bxa5 $18 {And now Qe1 would win.} Nxa5 $2 (26... Ne5 {is tougher.} 27. fxe5 Rxc5) 27. Rxa5 Rxa5 28. Bxa5 Qxa5 29. e7 {White threatens Qe6+ and mate.} Re8 30. Qe6+ Kh8 31. Nb3 Qa8 32. Qf7 b5 33. Rc7 Rg8 34. Rd7 {White mates.} Qe8 35. Qxe8 Rxe8 36. Rd8 {Precision: White = 77%, Black = 39%.} 1-0